| 000 | 00484nam a22001691a 4500 | ||
|---|---|---|---|
| 001 | 228 | ||
| 003 | OSt | ||
| 005 | 20260204211645.0 | ||
| 008 | 031124s1979||||mx ||||||b||||||||||spa|| | ||
| 050 | _a657.45 C648n | ||
| 082 | _a657.45 C648n | ||
| 110 | _aCodificación de Normas y Procedimiento de Auditoría SAS 1-42 | ||
| 245 | _aDeclaraciones sobre normas de auditoría | ||
| 264 | _aMéxico : Instituto Méxicano de contadores públicos | ||
| 650 | _a1.AuditoríaÌ | ||
| 942 |
_2ddc _cBK |
||
| 999 |
_c228 _d228 |
||